| 000 | 00830nam a2200253 i 4500 | ||
|---|---|---|---|
| 001 | 170791 | ||
| 003 | ES-MaACL | ||
| 005 | 20230906214448.0 | ||
| 008 | 090406s1993 fr afo |||| | fre d | ||
| 020 | _a2-84070-007-7 | ||
| 080 | _a913(438)(036) | ||
| 100 | 1 |
_aDydynski, Krzysztof. _9139745 |
|
| 245 | 1 | 0 |
_aPologne _b: guide de voyage / _cKrzysztof Dydynski. |
| 250 | _a1re éd. | ||
| 260 |
_aParis : _bLonely Planet, _c1993. |
||
| 300 |
_a503 p., [24] p. de lám. col., fot. : _bil. ; _c19 cm. |
||
| 490 | 1 | _aLonely planet guide de voyage | |
| 500 | _aÍndice. | ||
| 651 | 4 |
_aPolonia- _xDescripción. _9159919 |
|
| 651 | 4 |
_aPolonia- _vGuías turísticas. _9139746 |
|
| 830 | 0 |
_aLonely planet guide de voyage _9223081 |
|
| 852 |
_aES-MaACL _jL-30998 _z. - Biblioteca Jacinto Martínez Lacalle |
||
| 999 |
_c170791 _d170791 |
||